Digital Newsroom (Record no. 644)

MARC details
000 -LEADER
Fixed length control field 00442nam a2200169 4500
003 - CONTROL NUMBER IDENTIFIER
Control field SEACOMMC
005 - DATE AND TIME OF LATEST TRANSACTION
Control field 20250421154603.0
008 - FIXED-LENGTH DATA ELEMENTS--GENERAL INFORMATION
Fixed length control field 241014b |||||||| |||| 00| 0 eng d
020 ## - INTERNATIONAL STANDARD BOOK NUMBER / ISBN
International Standard Book Number 979-81-72733-52-9
Price Rs.100.00
040 ## - CATALOGING SOURCE
Original cataloging agency SEACOMMC
082 ## - DEWEY DECIMAL CLASSIFICATION NUMBER
Classification number 070.2854
Book Number A 311
100 ## - MAIN ENTRY--PERSONAL NAME
Personal name Aiyer, Balakrishna
245 1# - TITLE STATEMENT
Title Digital Newsroom
Statement of responsibility Balakrishna Aiyer
260 ## - IMPRINT
Place of publication New Delhi
Name of publisher Authorspress
Date of publication 2006
650 ## - SUBJECT ADDED ENTRY--TOPICAL TERM
Topical term Journalism
942 ## - ADDED ENTRY ELEMENTS (KOHA)
Koha item type Books
Holdings
Withdrawn status Lost status Source of classification Damaged status Not for loan Home library Current library Date acquired Total Checkouts Call number Accession number Date last seen Price effective from Koha item type Copy number
    Dewey Decimal Classification     SEACOM MANAGEMENT COLLEGE SEACOM MANAGEMENT COLLEGE 11/10/2007   070.2854 A 311 M-463 14/10/2024 14/10/2024 Books  
    Dewey Decimal Classification     SEACOM MANAGEMENT COLLEGE SEACOM MANAGEMENT COLLEGE 11/10/2007   070.2854 A 311 M-464 14/10/2024 14/10/2024 Books 1
    Dewey Decimal Classification     SEACOM MANAGEMENT COLLEGE SEACOM MANAGEMENT COLLEGE 11/10/2007   070.2854 A 311 M-465 14/10/2024 14/10/2024 Books 2
    Dewey Decimal Classification     SEACOM MANAGEMENT COLLEGE SEACOM MANAGEMENT COLLEGE 11/12/2007   070.2854 A 311 M-1231 21/12/2024 21/12/2024 Books 3
    Dewey Decimal Classification     SEACOM MANAGEMENT COLLEGE SEACOM MANAGEMENT COLLEGE 11/12/2007   070.2854 A 311 M-1232 21/12/2024 21/12/2024 Books 4
© Seacom Engineering College, All rights reserved.    Powered by Koha